书目信息 |
| 题名: |
问题与探析
|
|
| 作者: | 朱琦 , 杨辛 , 蔡雯卿 著 | |
| 分册: | ||
| 出版信息: | 天津 天津教育出版社 2006 |
|
| 页数: | 205页 | |
| 开本: | 24cm | |
| 丛书名: | 教育经济与管理丛书 | |
| 单 册: | ||
| 中图分类: | G464 | |
| 科图分类: | ||
| 主题词: | 教育视导--研究 , 教育视导 | |
| 电子资源: | ||
| ISBN: | 7-5309-4536-X | |
| 000 | 01013nam0 2200301 450 | |
| 000 | 01027nam0 2200301 450 | |
| 000 | 00960nam0 2200277 450 | |
| 000 | 00924oam2 2200265 45 | |
| 005 | 20070727155253.54 | |
| 010 | @a7-5309-4536-X@dCNY35.00 | |
| 100 | @a20070619d2006 em y0chiy0120 ea | |
| 101 | 0 | @achi |
| 102 | @aCN@b120000 | |
| 105 | @ay z 000yy | |
| 200 | 1 | @a问题与探析@AWen Ti Yu Tan Xi@e当代教育督导研究@EDang Dai Jiao Yu Du Dao Yan Jiu@f朱琦,杨辛,蔡雯卿著@FZhu Qi, Yang Xin, Cai Wen Qing Zhu |
| 210 | @a天津@c天津教育出版社@d2006 | |
| 215 | @a205页@d24cm | |
| 225 | 2 | @a教育经济与管理丛书 |
| 330 | @a本书在体例上采用专题的形式,每一专题均围绕当前教育督导理论与实践中的一些关键问题或重要领域殿开论述。 | |
| 410 | 0 | @12001 @a教育经济与管理丛书 |
| 606 | 0 | @a教育视导@x研究 |
| 606 | 0 | @a教育视导 |
| 690 | @aG464@v4 | |
| 701 | 0 | @a朱琦@AZhu Qi@4著 |
| 701 | 0 | @a杨辛@AYang Xin@4著 |
| 701 | 0 | @a蔡雯卿@ACai Wen Qing@4著 |
| 801 | 0 | @aCN@bTAOJIN@c20070727 |
| 905 | @a10447@dG464@e15 | |
| 问题与探析:当代教育督导研究/朱琦,杨辛,蔡雯卿著.-天津:天津教育出版社,2006 |
| 205页;24cm.-(教育经济与管理丛书) |
| ISBN 7-5309-4536-X:CNY35.00 |
| 本书在体例上采用专题的形式,每一专题均围绕当前教育督导理论与实践中的一些关键问题或重要领域殿开论述。 |
| ● |
| 相关链接 |
|
|
|
|
正题名:问题与探析
索取号:G464/15
 
预约/预借
| 序号 | 登录号 | 条形码 | 馆藏地/架位号 | 状态 | 备注 |
| 1 | 0821604 | 208216045 | 第一样本阅览室/ [索取号:G464/15] | 在馆 | |
| 2 | 0821605 | 208216054 | 第四借阅区/ [索取号:G464/15] | 在馆 | |
| 3 | 0821606 | 208216063 | 第四借阅区/ [索取号:G464/15] | 在馆 | |
| 4 | 0821607 | 208216072 | 第四借阅区/ [索取号:G464/15] | 在馆 | |
| 5 | 0821608 | 208216081 | 第四借阅区/ [索取号:G464/15] | 在馆 |